Mechnical Engineering Science (Record no. 136407)

000 -LEADER
fixed length control field 00265nam a2200109Ia 4500
008 - FIXED-LENGTH DATA ELEMENTS--GENERAL INFORMATION
fixed length control field 220120s9999||||xx |||||||||||||| ||und||
020 ## - INTERNATIONAL STANDARD BOOK NUMBER
International Standard Book Number 140107835
100 ## - MAIN ENTRY--PERSONAL NAME
Personal name Rajput
9 (RLIN) 11465
245 #0 - TITLE STATEMENT
Title Mechnical Engineering Science
260 ## - PUBLICATION, DISTRIBUTION, ETC.
Name of publisher, distributor, etc. New Delhi
300 ## - PHYSICAL DESCRIPTION
Extent 146p.
Other physical details 150
Holdings
Withdrawn status Lost status Damaged status Not for loan Collection code Home library Current library Date acquired Barcode Date last seen Price effective from Koha item type
        Mechanical Engineering Central Library Central Library 01/20/2022 GF266 01/20/2022 01/20/2022 Gift Books

Powered by Koha